| 000 | 00771cam a22002651 4500 | ||
|---|---|---|---|
| 001 | 23715 | ||
| 003 | BD-RjUL | ||
| 005 | 20211209000949.0 | ||
| 008 | 140311s1950 enk 000 0aeng d | ||
| 035 | _a(BD-RjUL)23780 | ||
| 035 | _a(OCoLC)545985 | ||
| 040 |
_aDLC _cOAU _dOCoLC _dICarbS _dDLC _dBD-RjUL _beng |
||
| 041 | 1 |
_aeng _hfre |
|
| 082 | 0 | 0 |
_a849.91 _bEMU 1950 |
| 100 | 1 |
_aEmmanuel, Pierre. _973015 |
|
| 245 | 1 | 4 |
_aThe universal singular / _ctranslated from the French by Erik de Mauny. |
| 260 |
_aLondon : _bGrey Walls Press, _c1950 |
||
| 300 |
_a256 p. ; _c22 cm. |
||
| 500 | _aAutobiography. | ||
| 500 | _aTranslation of Qui est cet homme. | ||
| 600 | 1 | 0 |
_aEmmanuel, Pierre. _973022 |
| 942 |
_2ddc _cBK |
||
| 999 |
_c23715 _d23715 |
||